00812nam a2200181Ii 450000100060000000300090000600800410001504000330005604100080008908200150009711000850011224502190019726401210041630000120053733600260054933700280057533800270060318437CO-ViMGA241108s9999||||xx |||||||||||||| ||und|| aCO-ViMGAbspaerdacCO-ViMGA0 aspa04a323.4 N11d1 aNaciones Unidas. Alto Comisionado para los Derechos Humanos. Oficina en Colombia10aDeclaración de Mary Robinson. Alta Comisionada de las Naciones Unidas para los Derechos Humanos, ante el 58 período de Sesiones de la Comisión de Derechos Humanos:b: presentación del informe sobre Colombia 1aBogotá, Colombia : Oficina en Colombia del Alto Comisionado de las Naciones Unidas para los Derechos Humanos, 2002 avolumen atextbtxt2rdacontent aunmediatedbn2rdamedia avolumebnc2rdacarrier